<?xml version="1.0" encoding="UTF-8"?>
<record
    xmlns:xsi="http://www.w3.org/2001/XMLSchema-instance"
    xsi:schemaLocation="http://www.loc.gov/MARC21/slim http://www.loc.gov/standards/marcxml/schema/MARC21slim.xsd"
    xmlns="http://www.loc.gov/MARC21/slim">

  <leader>01166nam a2200253 a 4500</leader>
  <datafield tag="090" ind1=" " ind2=" ">
    <subfield code="a">IAVH</subfield>
    <subfield code="b">00765 CD-1</subfield>
  </datafield>
  <datafield tag="041" ind1=" " ind2=" ">
    <subfield code="a">spa</subfield>
  </datafield>
  <datafield tag="100" ind1=" " ind2=" ">
    <subfield code="a">Gonz&#xE1;lez Acevedo, Alejandra</subfield>
    <subfield code="9">5316</subfield>
  </datafield>
  <datafield tag="245" ind1=" " ind2=" ">
    <subfield code="a">Sistematizaci&#xF3;n de la cadena de ecoturismo en Risaralda</subfield>
  </datafield>
  <datafield tag="260" ind1=" " ind2=" ">
    <subfield code="a">Bogot&#xE1;</subfield>
    <subfield code="b">Instituto Alexander von Humboldt</subfield>
    <subfield code="c">2005</subfield>
  </datafield>
  <datafield tag="300" ind1=" " ind2=" ">
    <subfield code="a">48 p.</subfield>
  </datafield>
  <datafield tag="520" ind1=" " ind2=" ">
    <subfield code="a">Para el desarrollo de la cadena se seleccionaron cinco municipios del departamento: Pereira, Santa Rosa, Marsella, Balboa y Santuario, partiendo de la base que la principal oferta de ecoturismo sean las Areas Protegidas, sin embargo, se incluyen otras zonas con potencial oferta dentro de estos municipios.</subfield>
  </datafield>
  <datafield tag="650" ind1=" " ind2=" ">
    <subfield code="a">Biodiversidad</subfield>
    <subfield code="9">92204</subfield>
  </datafield>
  <datafield tag="650" ind1=" " ind2=" ">
    <subfield code="a">Conservaci&#xF3;n</subfield>
    <subfield code="9">92401</subfield>
  </datafield>
  <datafield tag="650" ind1=" " ind2=" ">
    <subfield code="a">Ecoturismo </subfield>
    <subfield code="9">92530</subfield>
  </datafield>
  <datafield tag="650" ind1=" " ind2=" ">
    <subfield code="a">Cadena de valor</subfield>
    <subfield code="9">5267</subfield>
  </datafield>
  <datafield tag="650" ind1=" " ind2=" ">
    <subfield code="a">Areas Protegidas</subfield>
    <subfield code="9">78</subfield>
  </datafield>
  <datafield tag="662" ind1=" " ind2=" ">
    <subfield code="a">Colombia</subfield>
    <subfield code="d">Pereira</subfield>
    <subfield code="b">Risalda</subfield>
  </datafield>
  <datafield tag="662" ind1=" " ind2=" ">
    <subfield code="a">Colombia</subfield>
    <subfield code="d">Santa Rosa</subfield>
    <subfield code="b">Risalda</subfield>
  </datafield>
  <datafield tag="662" ind1=" " ind2=" ">
    <subfield code="a">Colombia</subfield>
    <subfield code="d">Marsella</subfield>
    <subfield code="b">Risalda</subfield>
  </datafield>
  <datafield tag="662" ind1=" " ind2=" ">
    <subfield code="a">Colombia</subfield>
    <subfield code="d">Balboa</subfield>
    <subfield code="b">Risalda</subfield>
  </datafield>
  <datafield tag="662" ind1=" " ind2=" ">
    <subfield code="a">Colombia</subfield>
    <subfield code="d">Santuario</subfield>
    <subfield code="b">Risalda</subfield>
  </datafield>
  <datafield tag="773" ind1="0" ind2=" ">
    <subfield code="0">5986</subfield>
    <subfield code="9">9704</subfield>
    <subfield code="a"></subfield>
    <subfield code="b"></subfield>
    <subfield code="d">Bogot&#xE1; Informatica documental 2007</subfield>
    <subfield code="o">024802</subfield>
    <subfield code="t">Informes de investigaciones IAVH en PDF</subfield>
    <subfield code="w"></subfield>
    <subfield code="x"></subfield>
    <subfield code="z"></subfield>
  </datafield>
  <datafield tag="999" ind1=" " ind2=" ">
    <subfield code="c">6037</subfield>
    <subfield code="d">6037</subfield>
  </datafield>
</record>
